ARRUPE JESUIT UNIVERSITY

CORONAVIRUS -STOP THE SPREAD - CLEAN,DISINFECT,COVER

The private papers of Douglas Haig, 1914-1919; (Record no. 126417)

MARC details
000 -LEADER
fixed length control field 01118cam a22002891 4500
001 - CONTROL NUMBER
control field 9787223
003 - CONTROL NUMBER IDENTIFIER
control field ARRUPE
005 - DATE AND TIME OF LATEST TRANSACTION
control field 20170413140228.0
008 - FIXED-LENGTH DATA ELEMENTS--GENERAL INFORMATION
fixed length control field 750131s1952 enka 000 0aeng
010 ## - LIBRARY OF CONGRESS CONTROL NUMBER
LC control number 53018633
015 ## - NATIONAL BIBLIOGRAPHY NUMBER
National bibliography number GB52-16395
035 ## - SYSTEM CONTROL NUMBER
System control number (OCoLC)1157939
040 ## - CATALOGING SOURCE
Original cataloging agency DLC
Transcribing agency OCU
Modifying agency OCoLC
-- Uk
-- NcGU
-- DLC
050 00 - LIBRARY OF CONGRESS CALL NUMBER
Classification number D544.A2
Item number H29
082 ## - DEWEY DECIMAL CLASSIFICATION NUMBER
Classification number 940.4144
300 ## - PHYSICAL DESCRIPTION
Other physical details illus.
Dimensions 23 cm.
100 1# - MAIN ENTRY--PERSONAL NAME
Personal name Haig, Douglas Haig,
Titles and other words associated with a name Earl,
Dates associated with a name 1861-1928.
9 (RLIN) 29858
245 04 - TITLE STATEMENT
Title The private papers of Douglas Haig, 1914-1919;
Remainder of title being selections from the private diary and correspondence of Field-Marshal the Earl Haig of Bemersyde.
Statement of responsibility, etc Edited by Robert Blake.
260 ## - PUBLICATION, DISTRIBUTION, ETC. (IMPRINT)
Place of publication, distribution, etc London,
Name of publisher, distributor, etc Eyre & Spottiswoode,
Date of publication, distribution, etc 1952.
300 ## - PHYSICAL DESCRIPTION
Extent 383 p.
600 10 - SUBJECT ADDED ENTRY--PERSONAL NAME
Personal name Haig, Douglas Haig,
Titles and other words associated with a name Earl,
Dates associated with a name 1861-1928.
9 (RLIN) 29858
650 #0 - SUBJECT ADDED ENTRY--TOPICAL TERM
Topical term or geographic name as entry element World War, 1914-1918
General subdivision Campaigns
Geographic subdivision Western Front.
9 (RLIN) 29859
700 1# - ADDED ENTRY--PERSONAL NAME
Personal name Blake, Robert,
Dates associated with a name 1916-2003.
9 (RLIN) 29423
Relator term ed.
906 ## - LOCAL DATA ELEMENT F, LDF (RLIN)
a 7
b cbc
c oclcrpl
d u
e ncip
f 19
g y-gencatlg
942 ## - ADDED ENTRY ELEMENTS (KOHA)
Source of classification or shelving scheme Library of Congress Classification
Koha item type Monograph ( Printed materials)
Holdings
Withdrawn status Lost status Source of classification or shelving scheme Damaged status Not for loan Collection code Home library Current library Shelving location Date acquired Total Checkouts Full call number Barcode Date last seen Price effective from Koha item type
    Library of Congress Classification     Main Collection ARRUPE LIBRARY ARRUPE LIBRARY Main Collection 12/04/2017   D544.A2 H29 46500024395 12/04/2017 12/04/2017 Monograph ( Printed materials)

 

Arrupe Library. PO Box MP320 Mt Pleasant, Harare, Zimbabwe
263 242 745411|librarian@aju.ac.zw